Statistiques concernant Frontières de l'Iran

Cliquez ici pour prendre le quiz!

Statistiques générales

  • Ce quiz a été pris 51 fois
  • Le résultat moyen est 6 sur 7

Statistiques - réponses

KilomètresPays% Correct
1 458Irak
100%
909Pakistan
98%
936Afghanistan
96%
499Turquie
86%
992Turkménistan
82%
611Azerbaïdjan
82%
35Arménie
80%

Distribution des résultats

Percentile par nombre de réponses

% des personnes avec chaque résultat

Votre développement - résultats

Vous n’avez pas pris ce quiz